[Event "Skopje op-B"]
[Site "Skopje"]
[Date "2023.12.10"]
[Round "6"]
[White "Ranic, Viktor"]
[Black "Lozanovski, Andrej"]
[Result "1/2-1/2"]
[WhiteElo "1928"]
[BlackElo "1494"]
[PlyCount "73"]
[EventDate "2023.12.06"]
[EventType "swiss"]
[EventRounds "9"]
[EventCountry "MKD"]
[SourceTitle "CB51_2023"]
[SourceDate "2023.12.20"]
[SourceVersion "1"]
[SourceVersionDate "2023.12.20"]
[SourceQuality "1"]

1. e4 d6 2. d4 Nf6 3. Nc3 g6 4. h3 Bg7 5. Nf3 c6 6. Be3 Qc7 7. Qd2 b5 8. Bd3 Nbd7 9. Ne2 a6 10. Bh6 Bxh6 11. Qxh6 Bb7 12. Ng3 c5 13. c3 cxd4 14. cxd4 Qa5+ 15. Qd2 Qxd2+ 16. Kxd2 0-0 17. Rac1 Rac8 18. Rhd1 e6 19. b3 Nb6 20. Rxc8 Rxc8 21. Rc1 Rxc1 22. Kxc1 Kf8 23. Kb2 Ke7 24. Kc3 h6 25. Nd2 Kd7 26. f3 Kc7 27. Ndf1 Nbd7 28. Ne3 e5 29. b4 d5 30. a3 Kd6 31. Bc2 dxe4 32. fxe4 exd4+ 33. Kxd4 Ne5 34. Nef5+ gxf5 35. Nxf5+ Ke6 36. Ng7+ Kd6 37. Nf5+ 1/2-1/2

[Event "Skopje op-B"]
[Site "Skopje"]
[Date "2023.12.09"]
[Round "5"]
[White "Halilovic, Fahrudin"]
[Black "Ranic, Viktor"]
[Result "1-0"]
[WhiteElo "1977"]
[BlackElo "1928"]
[PlyCount "89"]
[EventDate "2023.12.06"]
[EventType "swiss"]
[EventRounds "9"]
[EventCountry "MKD"]
[SourceTitle "CB51_2023"]
[SourceDate "2023.12.20"]
[SourceVersion "1"]
[SourceVersionDate "2023.12.20"]
[SourceQuality "1"]

1. e4 c6 2. d4 d5 3. exd5 cxd5 4. Bd3 Nc6 5. c3 Nf6 6. Bf4 Bg4 7. Qb3 Qd7 8. Nd2 a6 9. Ngf3 Bxf3 10. Nxf3 e6 11. 0-0 Be7 12. Ne5 Qc8 13. Rae1 0-0 14. Qd1 b5 15. Re3 b4 16. g4 bxc3 17. g5 Ne4 18. Bxe4 dxe4 19. Rxc3 Nxe5 20. dxe5 Qb7 21. Qh5 e3 22. Bxe3 Rac8 23. Bd4 Qe4 24. Rh3 Qf5 25. Rg3 Rc4 26. Bc3 Rd8 27. Qe2 Qe4 28. Re1 Qxe2 29. Rxe2 Rc5 30. Kg2 Rcd5 31. h4 g6 32. Rg4 h6 33. gxh6 Kh7 34. Ra4 Ra8 35. Rf4 Kxh6 36. Rxf7 Bxh4 37. Kh3 g5 38. Kg4 Rc8 39. Re4 Rd1 40. Rf6+ Kg7 41. Rxe6 Bxf2 42. Kxg5 Rg1+ 43. Rg4 Rh1 44. Kf5+ Kh8 45. Rxa6 1-0

[Event "FRM-chT2 Gp-A"]
[Site "Ohrid"]
[Date "2022.07.23"]
[Round "4.2"]
[White "Ilic, Mihajlo"]
[Black "Ranic, Viktor"]
[Result "1-0"]
[WhiteElo "2065"]
[BlackElo "1917"]
[PlyCount "79"]
[EventDate "2022.07.21"]
[EventType "team-tourn"]
[EventRounds "5"]
[EventCountry "MKD"]
[SourceTitle "CBM 210 Extra"]
[Source "ChessBase"]
[SourceDate "2022.11.30"]
[SourceVersion "1"]
[SourceVersionDate "2022.11.30"]
[SourceQuality "1"]
[WhiteTeam "Bitola Noemvri"]
[BlackTeam "Karpos"]
[WhiteTeamCountry "MKD"]
[BlackTeamCountry "MKD"]

1. e4 d5 2. exd5 Qxd5 3. Nc3 Qd6 4. d4 Nf6 5. Nf3 Bg4 6. Be2 c6 7. 0-0 e6 8. Ne5 Bxe2 9. Nxe2 Be7 10. Bf4 Qd8 11. c3 0-0 12. Qc2 Nbd7 13. Rfd1 Rc8 14. a4 a5 15. Ng3 b5 16. Bg5 h6 17. Nxd7 Nxd7 18. Bxe7 Qxe7 19. axb5 cxb5 20. Rxa5 b4 21. c4 Nb6 22. b3 Nd5 23. Ne2 Rfd8 24. Qd2 Nc7 25. h3 Rb8 26. Rda1 Qd6 27. Qe3 f6 28. R1a4 Qb6 29. Ra7 Rd7 30. Qe4 Qd6 31. Qe3 Rdd8 32. Qe4 Rd7 33. R4a5 Qe7 34. Qc6 Rbd8 35. Rb7 Ne8 36. Raa7 Rxb7 37. Rxb7 Qf8 38. Qxe6+ Kh8 39. c5 Ra8 40. Nf4 1-0

[Event "FRM-chT2 Gp-A"]
[Site "Ohrid"]
[Date "2022.07.21"]
[Round "1.2"]
[White "Nedelkoski, Filip"]
[Black "Ranic, Viktor"]
[Result "0-1"]
[WhiteElo "1542"]
[BlackElo "1917"]
[PlyCount "121"]
[EventDate "2022.07.21"]
[EventType "team-tourn"]
[EventRounds "5"]
[EventCountry "MKD"]
[SourceTitle "CBM 210 Extra"]
[Source "ChessBase"]
[SourceDate "2022.11.30"]
[SourceVersion "1"]
[SourceVersionDate "2022.11.30"]
[SourceQuality "1"]
[WhiteTeam "Lasker"]
[BlackTeam "Karpos"]
[WhiteTeamCountry "MKD"]
[BlackTeamCountry "MKD"]

1. e4 d5 2. exd5 Qxd5 3. Nc3 Qd6 4. Nf3 Nf6 5. Be2 c6 6. 0-0 Bg4 7. h3 Bh5 8. Re1 Nbd7 9. d3 e6 10. Be3 Qc7 11. Qd2 Bd6 12. Rad1 Rd8 13. Ng5 Bg6 14. Nce4 Nxe4 15. Nxe4 Bxe4 16. dxe4 Nf6 17. Qc3 e5 18. Bg5 Qe7 19. Rd2 0-0 20. a3 h6 21. Bxf6 Qxf6 22. Red1 Bc7 23. Rxd8 Rxd8 24. Rxd8+ Bxd8 25. Qf3 Qxf3 26. Bxf3 Kf8 27. Kf1 Bg5 28. b3 Ke7 29. Ke2 Bc1 30. a4 Bb2 31. Kd3 Bd4 32. Ke2 Kd6 33. Ke1 Kc5 34. Be2 Kb4 35. Bd3 b5 36. axb5 cxb5 37. f3 a5 38. Kd1 a4 39. Kc1 a3 40. Kb1 Bb2 41. Ka2 Kc5 42. g3 b4 43. f4 Kd4 44. f5 Bc3 45. g4 Ke3 46. Kb1 f6 47. Ka2 Kf3 48. Kb1 Kg3 49. Bf1 Kf2 50. Bd3 Kg2 51. h4 Kg3 52. h5 Kf3 53. Ka2 Kxg4 54. Be2+ Kg3 55. Kb1 Kf2 56. Bd3 Kf3 57. Ka2 Ke3 58. Kb1 Kd2 59. Ka2 Kc1 60. Bc4 Kxc2 61. Bd5 0-1

[Event "Skopje U2200 op"]
[Site "Skopje"]
[Date "2017.12.07"]
[Round "1"]
[White "Ranic, Viktor"]
[Black "Stojkovska, Monika"]
[Result "0-1"]
[WhiteElo "1884"]
[BlackElo "2125"]
[PlyCount "40"]
[EventDate "2017.12.07"]
[EventType "swiss"]
[EventRounds "7"]
[EventCountry "MKD"]
[SourceTitle "CBM 182 Extra"]
[Source "ChessBase"]
[SourceDate "2018.02.23"]
[SourceVersion "1"]
[SourceVersionDate "2018.02.23"]
[SourceQuality "1"]

1. d4 e6 2. Nf3 Nf6 3. c3 c5 4. Bg5 b6 5. Nbd2 Bb7 6. e3 Be7 7. Bd3 cxd4 8. exd4 d6 9. h3 Nbd7 10. 0-0 0-0 11. Re1 Re8 12. a4 a6 13. Qb3 Qc7 14. Bf4 Rac8 15. Re2 Qb8 16. Rae1 Qa8 17. c4 Bf8 18. Bb1 g6 19. Qd3 Rcd8 20. Qc3 Bc6 0-1

[Event "Paracin Summer op-B 10th"]
[Site "Paracin"]
[Date "2017.07.08"]
[Round "2"]
[White "Ranic, Viktor"]
[Black "Tsintsar, Zoran"]
[Result "1-0"]
[WhiteElo "1934"]
[BlackElo "1748"]
[PlyCount "99"]
[EventDate "2017.07.07"]
[EventType "swiss"]
[EventRounds "9"]
[EventCountry "SRB"]
[SourceTitle "EXT 2020"]
[Source "ChessBase"]
[SourceDate "2019.10.17"]
[SourceVersion "1"]
[SourceVersionDate "2019.10.17"]
[SourceQuality "1"]

1. e4 c5 2. Nf3 Nc6 3. Bb5 e6 4. Bxc6 bxc6 5. e5 g5 6. h3 h6 7. d3 Ne7 8. Nc3 Ng6 9. Ne4 f5 10. exf6 d5 11. f7+ Kxf7 12. Ng3 Bd6 13. 0-0 e5 14. Nh2 Be6 15. Re1 Qd7 16. Qh5 Kg7 17. Qe2 Rhf8 18. Bd2 Rf7 19. Rf1 Raf8 20. Rae1 Bxh3 21. gxh3 Qxh3 22. Qg4 Qxg4 23. Nxg4 Nh4 24. Nh2 Kg6 25. Bc3 Re8 26. Re2 h5 27. Rfe1 Rfe7 28. b3 g4 29. Kh1 Nf3 30. Nxf3 gxf3 31. Rd2 h4 32. Nf1 Kf5 33. Nh2 e4 34. dxe4+ Rxe4 35. Rxe4 Kxe4 36. Rd1 Rf8 37. Re1+ Kf5 38. Nxf3 d4 39. Ba5 Kg4 40. Ne5+ Kh3 41. Nd3 Rg8 42. Re4 Bh2 43. Nf4+ Bxf4 44. Rxf4 Re8 45. Rf3+ Kg4 46. Kg2 Re2 47. Rd3 Rxc2 48. Rd2 Rc1 49. f3+ Kf4 50. Rxd4+ 1-0

[Event "FRM-chT 23rd"]
[Site "Struga"]
[Date "2014.07.15"]
[Round "2.5"]
[White "Dinev, Dejan"]
[Black "Ranic, Viktor"]
[Result "1-0"]
[WhiteElo "2335"]
[BlackElo "1925"]
[PlyCount "67"]
[EventDate "2014.07.14"]
[EventType "team-tourn"]
[EventRounds "5"]
[EventCountry "MKD"]
[SourceTitle "CBM 161 Extra"]
[Source "ChessBase"]
[SourceDate "2014.08.29"]
[SourceVersion "1"]
[SourceVersionDate "2014.08.29"]
[SourceQuality "1"]
[WhiteTeam "Skopje Gambit"]
[BlackTeam "Skopje Karposh"]
[WhiteTeamCountry "MKD"]
[BlackTeamCountry "MKD"]

1. d4 Nf6 2. Nf3 e6 3. e3 b6 4. Bd3 Bb7 5. 0-0 Be7 6. Nbd2 c5 7. c3 Ba6 8. Bxa6 Nxa6 9. Qe2 Nb8 10. e4 cxd4 11. Nxd4 Nc6 12. N2b3 Nxd4 13. Nxd4 0-0 14. Rd1 Qc7 15. e5 Ne8 16. Bf4 a6 17. Bg3 b5 18. a4 bxa4 19. Rxa4 Qb6 20. Nf3 Ra7 21. Rad4 Qc6 22. Qd3 d5 23. exd6 Bd8 24. d7 Nf6 25. Bd6 g6 26. Ne5 Qb5 27. Qxb5 axb5 28. Bxf8 Kxf8 29. Nc6 Ra8 30. g3 Nd5 31. Rxd5 exd5 32. Rxd5 b4 33. cxb4 f6 34. Ra5 1-0

[Event "Skopje Karposh op"]
[Site "Skopje"]
[Date "2013.03.11"]
[Round "4"]
[White "Ranic, Viktor"]
[Black "Piskur, Mitja"]
[Result "0-1"]
[WhiteElo "1937"]
[BlackElo "2301"]
[PlyCount "118"]
[EventDate "2013.03.09"]
[EventType "swiss"]
[EventRounds "9"]
[EventCountry "MKD"]
[SourceTitle "CBM 153 Extra"]
[Source "ChessBase"]
[SourceDate "2013.04.22"]
[SourceVersion "1"]
[SourceVersionDate "2013.04.22"]
[SourceQuality "1"]

1. e4 d5 2. exd5 Qxd5 3. Nc3 Qd8 4. d4 g6 5. Nf3 Bg7 6. Bc4 Nh6 7. h3 Nf5 8. Ne2 0-0 9. 0-0 b6 10. c3 Bb7 11. Nf4 Nd6 12. Bb3 Nd7 13. Re1 e6 14. Nd3 Ne4 15. Be3 Qc8 16. Qc1 c5 17. Bd1 Re8 18. Ba4 Rd8 19. Ng5 c4 20. Nxe4 Bxe4 21. Nf4 Nf6 22. Bd1 Qb7 23. f3 Bc6 24. Bc2 Rac8 25. a4 Ne8 26. Ne2 Nd6 27. Ng3 Nf5 28. Nxf5 gxf5 29. Bh6 Bf6 30. Bg5 Qe7 31. Bxf6 Qxf6 32. Qf4 h6 33. Kh2 Qg5 34. Qg3 Kg7 35. h4 Qxg3+ 36. Kxg3 Kf6 37. Kf4 Rd5 38. Re2 Ra5 39. Re5 Bd5 40. g4 fxg4 41. fxg4 b5 42. g5+ hxg5+ 43. hxg5+ Kg7 44. Ree1 Rh8 45. axb5 Rxb5 46. Rxa7 Rxb2 47. Re2 Rh3 48. g6 Rxc3 49. Rxf7+ Kg8 50. Kg5 Rbxc2 51. Rxc2 Rxc2 52. Rc7 c3 53. Kf6 Rf2+ 54. Kg5 c2 55. Rc8+ Kg7 56. Rc7+ Kf8 57. Rc8+ Ke7 58. g7 Rg2+ 59. Kh6 Be4 0-1